000 01607cam a22004337a 4500
001 000092159
003 CHAP
005 20220329142838.0
008 040810d2004 mx a r 00110 spa d
010 _a88626
011 _a89598
035 _a100149
040 _cCHAP
090 _aTesis
100 0 0 _aGómez Hernández, Nestor Amaury.
_949756
245 1 0 _aEvaluación de cuatro densidades de siembra de zanahoria (Daucus carota L.) var. News en Perote , Veracruz /
_c/por Nestor Amaury Gómez Hernández.
260 _aChapingo, Méx. :
_bEl autor,
_c2004.
300 _a55 h. ; :
_bilus.
502 _aTesis ( Ing. Agr. Esp. en Fitotecnia) -- UACH. Departamento de Fitotecnia
590 _aALEPH
_b10
_c20130110
_lUCH01
_h1459
590 _aBATCH-UPD
_b10
_c20130110
_lUCH01
_h0003
590 _aBATCH-UPD
_b10
_c20130110
_lUCH01
_h0508
590 _aBATCH-UPD
_b10
_c20130410
_lUCH01
_h0146
590 _aBATCH-UPD
_b10
_c20130914
_lUCH01
_h1142
590 _aBATCH-UPD
_b10
_c20140324
_lUCH01
_h1446
590 _aBATCH-UPD
_b10
_c20141002
_lUCH01
_h0823
590 _aCONVERSION
_b10
_c20130109
_lUCH01
_h1349
590 _aE12093SGE
_b10
_c20130625
_lUCH01
_h1121
650 1 4 _aDensidad de siembra.
_931812
650 1 4 _aZanahoria
_xRendimiento.
_9123601
650 1 4 _aZanahoria
_zVeracruz.
_9123607
856 _3Finding aid
_uhttp://10.13.5.2/tesis/100149.pdf
_zTeclea aquí
901 _aBK
905 _aMayto Villalobos Santana
942 _cCD
942 _n0
949 _aTesis
_bBC
_cTES
_d100149123
_eTS1
_h42357
_i100149
_sb
949 _aTesis
_bBC
_cTES
_d33724000927638
_eTS2
_fc.2
_h42358
_i100149
_si
999 _c88626
_d88626